Митрополит Методи Кусевич до Председателя Уилсон (Запис номер 341811)
[ съкратено ]
| 000 -Лидер | |
|---|---|
| Контролно поле с фиксирана дължина | 00882nam a2200253 c 4500 |
| 003 - Код на организацията, давaща контролен номер | |
| Контролно поле | BLK |
| 005 - Дата и час на последна редакция | |
| Контролно поле | 20190913121143.0 |
| 008 - Елементи от данни с фиксирана дължина | |
| fixed length control field | 180911b bul|||||r ||||||| ||bul|| |
| 010 ## - Наследен системен номер | |
| LC control number | 001441 |
| 040 ## - Източник на каталожния запис | |
| Идентификатор на билиотеката - собственик на записа | BLK |
| 041 ## - Код за език | |
| Код за езика на текст/звукозапис или на отделно заглавие | Български |
| 080 ## - УДК | |
| УДК - код + определител | 949.72(093) |
| 100 1# - Редна дума - Автор | |
| Автор | КУСЕВИЧ, Методи митрополит |
| Авторска отговорност | първи автор |
| 245 00 - Сведения за заглавието | |
| Заглавие | Митрополит Методи Кусевич до Председателя Уилсон |
| 260 ## - Област на издателските данни | |
| Място на издаване, разпространение и проч. | Стара Загора |
| Година на издаване | 1913 |
| 300 ## - Физическа характеристика | |
| Страници | 7 с |
| Размери/Мащаб | 24 см |
| 380 ## - Жанр | |
| Жанр | История |
| 490 ## - СЕРИИ (Колекции) | |
| Име на серия | Частна колекция - Академик Михаил Арнаудов |
| Бележки за серията | Дарение - Основен фонд |
| 655 ## - Ключова дума – жанр/разновидност | |
| Данни за жанр/разновидност или ключова дума за фокус | българска история |
| 700 1# - Други автори (авторска отговорност) | |
| Лично име | Методи Кусевич |
| 700 1# - Други автори (авторска отговорност) | |
| Лично име | митрополит Старозагорский |
| 852 ## - Местоположение | |
| Форматна сигнатура | МА 4092 |
| 942 ## - АРТИКУЛИ | |
| Вид на библиотечния материал | Книги |
| Скрит в OPAC | Не |
| 944 ## - СЪЗДАВАНЕ И РЕДАКЦИЯ на ЗАПИСА | |
| Създаване/Редакция | Създаване |
| Дата на регистрацията/редакция | 1994 |
| 999 ## - СИСТЕМНИ КОНТРОЛНИ НОМЕРА | |
| Koha biblionumber | 341811 |
| Koha biblioitemnumber | 341811 |
| Код за отписване | Код за изгубен артикул | Източник на класификационната схема | Код за повреда | Коз за рестрикции | Код за отдаване | Артикулен № | Име на библиотеката - собственик | Име на библиотеката, в която се намира в момента | Статус (Текущо местоположение) | Местоположение - отдел | Цена в лева | Номерация (Хронология) | Инвентарен номер | Систематично азбучна сигнатура | Баркод | Номер на екземпляра | Цена в евро | Служебен тип на артикула |
|---|---|---|---|---|---|---|---|---|---|---|---|---|---|---|---|---|---|---|
| Не е изгубен | Universal Decimal Classification | Не е повреден | без рестрикции | Специални фондове ( старопечатни, редки и ценни, фонд М. Арнаудов) | 741813 | Регионална библиотека "Любен Каравелов" Русе | Регионална библиотека "Любен Каравелов" Русе | Фонд "Михаил Арнаудов" | Фонд "Михаил Арнаудов" | 0.50 | 591197 | МА 4092 | 120000591197 | 1 | 0.26 | Книги |